[Event "ICS Rated blitz match"]
[Site "204.178.125.65"]
[Date "1999.08.03"]
[Round "?"]
[White "sergor"]
[Black "Hossa"]
[Result "1/2-1/2"]
[WhiteElo "2318"]
[BlackElo "2603"]
[PlyCount "52"]
[EventDate "1999.??.??"]

1. d4 d5 2. c4 e5 3. dxe5 dxc4 4. Qxd8+ Kxd8 5. e4 Nc6 6. Nf3 Nb4 7. Na3 Be6 8.
Bf4 Nd3+ 9. Bxd3 Bxa3 10. O-O-O Bxb2+ 11. Kxb2 cxd3 12. Rxd3+ Kc8 13. Rhd1 Ne7
14. Nd4 Bc4 15. Rc3 b5 16. e6 Ng6 17. Bxc7 Kxc7 18. Nxb5+ Kb6 19. Rxc4 Kxb5 20.
Rdc1 Rhb8 21. Ka3 fxe6 22. Rb4+ Ka6 23. Ra4+ Kb6 24. Rb4+ Ka5 25. Ra4+ Kb6 26.
Rb4+ 26... Ka5 {Game drawn by mutual agreement} 1/2-1/2

[Event "ICS Rated blitz match"]
[Site "204.178.125.65"]
[Date "1999.08.03"]
[Round "?"]
[White "counterplay"]
[Black "Hossa"]
[Result "1-0"]
[WhiteElo "2773"]
[BlackElo "2598"]
[PlyCount "93"]
[EventDate "1999.??.??"]

1. e4 c6 2. d4 d5 3. Nc3 e6 4. Nf3 Bb4 5. Bd3 Ne7 6. O-O Bxc3 7. bxc3 O-O 8. c4
Nd7 9. exd5 exd5 10. cxd5 cxd5 11. Re1 Nc6 12. Ba3 Re8 13. Rxe8+ Qxe8 14. Qd2
Nf6 15. Re1 Qd7 16. Ne5 Nxe5 17. Rxe5 Qc6 18. f3 Be6 19. Be7 Nd7 20. Rh5 h6 21.
Bb4 a5 22. Bxa5 Qa4 23. Bb4 Re8 24. a3 b6 25. Qf4 Nb8 26. Qc7 Nd7 27. Qg3 Kh8
28. Rh4 Nf6 29. Qe5 Kg8 30. Rxh6 Bd7 31. Qg3 Re6 32. Rh4 Re8 33. Bd6 Qc6 34.
Be5 Re6 35. Qh3 Kf8 36. Rh8+ Ke7 37. Qg3 Ne8 38. Bxg7 Nxg7 39. Qxg7 Be8 40.
Qg5+ f6 41. Qg7+ Kd8 42. Qa7 f5 43. Bxf5 Re1+ 44. Kf2 Rc1 45. Qb8+ Qc8 46. Qd6+
Qd7 47. Qxd7# {Hossa checkmated} 1-0

[Event "ICS Rated blitz match"]
[Site "204.178.125.65"]
[Date "1999.08.03"]
[Round "?"]
[White "Hossa"]
[Black "libertad"]
[Result "0-1"]
[WhiteElo "2589"]
[BlackElo "2246"]
[Annotator "Fritz 5.32 (19s)"]
[PlyCount "108"]
[EventDate "1999.??.??"]

1. d4 1... Nf6 {Opening = E30 - 4.Bg5(h6 5.Bh4 c5 6.d5 ---)} 2. c4 e6 3. Nc3
Bb4 4. Bg5 h6 5. Bh4 c5 6. dxc5 $146 (6. d5 b5 (6... Bxc3+ 7. bxc3 d6 8. f3 Qe7
9. e4 Nbd7 10. Be2 Nf8 11. Bg3 e5 12. Bd3 g5 13. Qc2 Ng6 14. Ne2 Nh5 15. O-O-O
Bd7 16. Kb1 O-O-O 17. Ka1 Kb8 18. Rb1 Nhf4 19. Bxf4 exf4 20. g3 Qf6 21. Rhf1 {
Kanep,M-Bar,R/Eu Y Ch b14, Rimavska Sobota (3) 1996/0-1 (41)}) 7. e3 (7. e4 g5
8. Bg3 Nxe4 9. Be5 O-O 10. Qh5 d6 11. Bd3 Nxc3 12. Qxh6 Ne4+ 13. Kf1 dxe5 14.
Bxe4 f5 15. Qg6+ Kh8 16. Qh6+ Kg8 17. Qg6+ Kh8 18. h4 g4 19. Qh6+ Kg8 20. Qg6+
{- Yermolinsky,A-Shabalov,A/ch-USA, Parsippany (3) 1996 (20)}) 7... Bb7 8. dxe6
fxe6 9. cxb5 O-O 10. Nf3 Qe8 11. Bxf6 Rxf6 12. a3 Bxc3+ 13. bxc3 d5 14. Be2 Nd7
15. O-O e5 16. e4 d4 17. Nd2 Kh8 18. cxd4 cxd4 19. Rc1 Qd8 20. Bd3 20... a6 {
Yusupov,A-Christiansen,L/Intel Grand Prix, New York, USA (1.2) 1995/0-1 (44)})
(6. a3 Bxc3+ 7. bxc3 Qa5 8. Qd3 cxd4 9. Bxf6 gxf6 10. Qxd4 e5 11. Qd2 Na6 12.
f3 Nc5 13. Qb2 Qa4 14. e4 Qb3 15. Qxb3 Nxb3 16. Rd1 b6 17. Ne2 Ke7 18. Ng3 d6
19. Be2 Be6 20. Kf2 20... Rac8 {Weller,T-Weeks,M/Suncoast AUS 1999/0-1 (50)})
6... Nc6 7. a3 Bxc3+ 8. bxc3 {Staerkt b4+d4} 8... Qa5 9. Bxf6 gxf6 10. Qd2 Qxc5
11. e4 b6 12. Nf3 Bb7 13. Qf4 13... Ne5 {
Der isolierte Bauer c4 geraet unter Druck} 14. Qxf6 {
Haelt den Koenig im Zentrum fest} 14... Qxf2+ 15. Kxf2 Ng4+ 16. Kg1 Nxf6 17. e5
Rg8 18. Nd4 Ng4 19. Re1 Rg5 20. Nb5 Ke7 21. Nd6 Nxe5 22. h4 Nf3+ (22... Kxd6 $6
23. hxg5 hxg5 24. Rh5 $15) 23. Kf2 Nxe1 (23... Kxd6 24. Rd1+ Ke7 25. hxg5 Nxg5
26. Rxh6 Ne4+ 27. Ke1 Nxc3 28. Rd3 $11) 24. hxg5 Kxd6 25. Kxe1 $19 (25. gxh6 $5
$142 25... Nc2 26. Bd3 Nxa3 27. Ra1 $19) 25... hxg5 26. Kf2 f5 27. Be2 g4 28.
Rd1+ 28... Ke7 {Schwarz erhaelt starke Initiative} 29. g3 (29. Rh1 29... Rc8
$19) 29... Rh8 30. Ke3 Rh2 31. Rg1 Kf6 32. Bd1 Ba6 33. c5 (33. Be2 $19 {
ist der letzte Rettungsanker}) 33... bxc5 34. a4 (34. Re1 {
aendert nichts am Ausgang der Partie} 34... Ke5 $19) 34... d5 {Droht Matt} 35.
Re1 35... e5 {Es droht Matt} 36. Be2 36... Bxe2 {Droht Matt} 37. Rxe2 d4+ 38.
cxd4 cxd4+ 39. Kd2 Rxe2+ 40. Kxe2 e4 41. Kf2 41... Ke5 {Mit der Absicht e3} 42.
Kf1 f4 43. gxf4+ Kxf4 44. a5 g3 45. Kg2 (45. Ke1 {aendert nichts mehr} 45... g2
46. Kd2 g1=Q 47. Kc2 d3+ 48. Kb3 Qd4 49. a6 d2 50. Ka3 d1=Q 51. Ka2 Q4a1#)
45... d3 46. Kf1 d2 (46... e3 47. Kg2 d2 48. Kh3 a6 49. Kg2 d1=Q 50. Kh3 Qh1#)
47. Ke2 47... e3 $1 {glaenzend gespielt} 48. Kd1 g2 49. Kc2 g1=Q 50. Kb2 (50.
Kc3 {hilft auch nicht mehr} 50... d1=Q 51. Kc4 Qg8+ 52. Kb4 Qgb3+ 53. Kc5 Qdd5#
) 50... d1=Q (50... Qc1+ 51. Kb3 d1=Q+ 52. Kb4 Qd4+ 53. Kb5 Qcc4#) 51. Ka3 (51.
Kc3 {macht keinen grossen Unterschied} 51... Qd2+ 52. Kc4 Qg8+ 53. Kb5 Qgd5+
54. Ka6 Q2xa5#) 51... Qf2 (51... Qd3+ 52. Ka4 Qa1+ 53. Kb4 Qad4#) 52. a6 (52.
Kb4 {aendert den traurigen Lauf der Dinge nicht} 52... Qb2+ 53. Kc5 Qc3+ 54.
Kb5 Qdd3+ 55. Ka4 Qdc4#) 52... Qfc2 (52... Qd4 53. Kb3 Qfb2#) 53. Kb4 Qd4+ 54.
Ka3 (54. Kb5 {kann das Vorangegangene nicht ungeschehen machen} 54... Qcc5#)
54... Qcb2# (54... Qdc3#) 0-1

[Event "ICS Rated blitz match"]
[Site "204.178.125.65"]
[Date "1999.08.03"]
[Round "?"]
[White "Prof-Moriarty"]
[Black "Hossa"]
[Result "1/2-1/2"]
[WhiteElo "2385"]
[BlackElo "2561"]
[PlyCount "140"]
[EventDate "1999.??.??"]

1. d4 d5 2. Nf3 Nf6 3. e3 e6 4. Bd3 Nc6 5. Nbd2 Bd6 6. b3 e5 7. dxe5 Nxe5 8.
Be2 O-O 9. Bb2 Nfg4 10. O-O Nc6 11. h3 Nf6 12. a3 Qe7 13. Bd3 Be6 14. Nd4 Nxd4
15. exd4 Bf4 16. Nf3 Rae8 17. Re1 Qd6 18. Ne5 c5 19. dxc5 Qxc5 20. Qf3 Bg5 21.
Qg3 Bd2 22. Re2 Ba5 23. Qh4 Bc3 24. Bxc3 Qxc3 25. Rae1 a6 26. g4 Ne4 27. Bxe4
dxe4 28. Rxe4 Qxc2 29. Nf3 Qxb3 30. Ng5 h6 31. Nxe6 Rxe6 32. Rxe6 fxe6 33. Qe7
Qxh3 34. Qxe6+ Kh8 35. Re3 Qh4 36. Rg3 Qg5 37. Kg2 Qc1 38. Qd6 Qc6+ 39. Qxc6
bxc6 40. Rc3 Rf6 41. Kg3 Rd6 42. f3 g6 43. Rc5 Kg7 44. Ra5 h5 45. Rxa6 hxg4 46.
Kxg4 Kf6 47. f4 Ke6 48. a4 c5 49. Rxd6+ Kxd6 50. Kf3 c4 51. Ke3 Kc5 52. a5 Kb5
53. Kd4 Kb4 54. a6 c3 55. a7 c2 56. a8=Q c1=Q 57. Qb7+ Ka3 58. Qa6+ Kb4 59.
Qb6+ Ka4 60. Qa6+ Kb4 61. Qd6+ Kb3 62. Qd5+ Kb2 63. Qb5+ Ka3 64. Qc5+ Qxc5+ 65.
Kxc5 Kb3 66. Kd5 Kc3 67. Ke5 Kd3 68. Kf6 Ke4 69. Kg5 Kf3 70. Kxg6 70... Kxf4 {
Game drawn because neither player has mating material} 1/2-1/2

[Event "ICS Rated blitz match"]
[Site "204.178.125.65"]
[Date "1999.08.03"]
[Round "?"]
[White "Hossa"]
[Black "Prof-Moriarty"]
[Result "1-0"]
[WhiteElo "2554"]
[BlackElo "2392"]
[PlyCount "143"]
[EventDate "1999.??.??"]

1. e4 c5 2. Nc3 Nc6 3. Nf3 e6 4. Bc4 d6 5. d4 cxd4 6. Nxd4 Nf6 7. Bg5 Be7 8.
Ndb5 a6 9. Bxf6 gxf6 10. Nd4 Qb6 11. Nb3 Bd7 12. Qh5 O-O-O 13. Qxf7 Ne5 14.
Qxe7 Nxc4 15. O-O Ne5 16. Qxf6 Rdf8 17. Qg7 Rhg8 18. Qh6 Qd8 19. Nd4 Qe7 20. f3
Rg6 21. Qc1 Rfg8 22. Rf2 Qh4 23. Nce2 Qe7 24. Qe1 h5 25. Nf4 Rg5 26. h4 Rg3 27.
Nxh5 Qxh4 28. Nxg3 Qxg3 29. Qc3+ Kb8 30. f4 Qxc3 31. bxc3 Ng4 32. Rd2 e5 33.
Ne2 Bc6 34. Rb1 Bxe4 35. Rb4 d5 36. Ng3 exf4 37. Nxe4 dxe4 38. Rxe4 Rf8 39. g3
Nf6 40. Rxf4 Ka7 41. Rdf2 Rc8 42. Rxf6 Rxc3 43. Kg2 Rc5 44. R6f5 Rc4 45. Rd5
Ra4 46. c3 Rc4 47. Rd3 Rc6 48. Rfd2 Rg6 49. Rd7 Rc6 50. Rb2 Rb6 51. Rb3 a5 52.
Kf3 a4 53. Rb4 Ka6 54. Rxa4+ Kb5 55. Rb4+ Kc6 56. Re7 Rxb4 57. cxb4 b5 58. Re5
Kb6 59. a4 bxa4 60. Ra5 a3 61. Rxa3 Kb5 62. Ke4 Kc4 63. Rc3+ Kxb4 64. Rd3 Kb5
65. g4 Kb4 66. g5 Kb5 67. g6 Kb4 68. g7 Kb5 69. g8=Q Kb4 70. Qd5 Ka4 71. Qb7
Ka5 72. Ra3# {Prof-Moriarty checkmated} 1-0

[Event "ICS Rated blitz match"]
[Site "204.178.125.65"]
[Date "1999.08.03"]
[Round "?"]
[White "Prof-Moriarty"]
[Black "Hossa"]
[Result "1/2-1/2"]
[WhiteElo "2383"]
[BlackElo "2563"]
[PlyCount "94"]
[EventDate "1999.??.??"]

1. d4 d5 2. Nf3 Nf6 3. e3 c6 4. Bd3 Bg4 5. O-O Nbd7 6. h3 Bxf3 7. Qxf3 e5 8.
dxe5 Nxe5 9. Qe2 Bd6 10. Nd2 O-O 11. Nf3 Nxd3 12. cxd3 Qe7 13. Bd2 Rae8 14.
Rac1 a6 15. Bc3 Nh5 16. Nd4 Qe5 17. Nf3 Qf5 18. g4 Qg6 19. Nh4 Nf4 20. Qf3 Qg5
21. exf4 Qxh4 22. Rfe1 Qh6 23. Be5 Bxe5 24. fxe5 Rxe5 25. Rcd1 Rfe8 26. Rxe5
Rxe5 27. Qg3 Qe6 28. Kg2 Qe8 29. d4 Re2 30. Qf4 Rxb2 31. Re1 Qf8 32. Qc7 f5 33.
Qd7 fxg4 34. Re8 Rxf2+ 35. Kg1 Rf1+ 36. Kg2 gxh3+ 37. Kxh3 Rf3+ 38. Kg2 Rf2+
39. Kg1 Rf1+ 40. Kg2 Rf2+ 41. Kg1 Rf1+ 42. Kh2 Rf2+ 43. Kh1 Rf1+ 44. Kh2 Rf2+
45. Kg3 Rf3+ 46. Kg2 Rf2+ 47. Kh3 47... Rf3+ {Game drawn by mutual agreement}
1/2-1/2

[Event "ICS Rated bullet match"]
[Site "204.178.125.65"]
[Date "1999.08.03"]
[Round "?"]
[White "Hossa"]
[Black "JSBach"]
[Result "1-0"]
[WhiteElo "2317"]
[BlackElo "2152"]
[PlyCount "67"]
[EventDate "1999.??.??"]

1. d4 d5 2. c4 dxc4 3. e4 Nc6 4. Nf3 b5 5. d5 Nb4 6. Nd4 Bd7 7. Nc3 Rb8 8. b3
c5 9. dxc6 Nxc6 10. bxc4 Qa5 11. Nxc6 Bxc6 12. Bd2 b4 13. Nd5 e6 14. Qh5 g5 15.
Qxg5 Bxd5 16. Qe5 Bg7 17. Qxg7 Bxe4 18. Qxh8 Kf8 19. Qd4 Bd5 20. a3 Bxg2 21.
Bxg2 Rd8 22. axb4 Qb6 23. Qc3 Rd6 24. c5 Rc6 25. cxb6 Rxc3 26. b7 Ne7 27. Bxc3
f6 28. b8=Q+ Kf7 29. Rxa7 h5 30. Qd8 Kg6 31. Be4+ Kg5 32. Rg1+ Kf4 33. Qd3 Nc8
34. Qe3# {JSBach checkmated} 1-0

[Event "ICS Rated blitz match"]
[Site "204.178.125.65"]
[Date "1999.08.03"]
[Round "?"]
[White "Hossa"]
[Black "Beadle"]
[Result "0-1"]
[WhiteElo "2538"]
[BlackElo "2543"]
[PlyCount "56"]
[EventDate "1999.??.??"]

1. d4 Nf6 2. c4 e6 3. Nc3 Bb4 4. Bg5 c5 5. d5 d6 6. Nf3 e5 7. e4 Bxc3+ 8. bxc3
Qa5 9. Nd2 Qxc3 10. Bxf6 gxf6 11. Be2 Rg8 12. O-O Qh3 13. Bf3 Na6 14. Kh1 Qh6
15. Bh5 Bd7 16. f4 exf4 17. Rb1 Rg5 18. Be2 O-O-O 19. Qb3 b6 20. Qa3 Kb7 21.
Nf3 Rg6 22. Rb2 Re8 23. Bd3 Rg7 24. Ne1 Nb4 25. Rbf2 Rg4 26. Nf3 f5 27. exf5
Re3 28. Ne1 28... Rh4 {Hossa resigns} 0-1

[Event "ICS Rated blitz match"]
[Site "204.178.125.65"]
[Date "1999.08.03"]
[Round "?"]
[White "Beadle"]
[Black "Hossa"]
[Result "1-0"]
[WhiteElo "2559"]
[BlackElo "2522"]
[PlyCount "27"]
[EventDate "1999.??.??"]

1. d4 Nf6 2. Nf3 e6 3. c4 b6 4. a3 Bb7 5. Nc3 Be7 6. d5 exd5 7. cxd5 Ng4 8. h3
Nf6 9. e4 c6 10. d6 c5 11. Bg5 Nxe4 12. Bxe7 Nxc3 13. bxc3 Qc8 14. Ng5 {
Hossa resigns} 1-0

[Event "ICS rated blitz match"]
[Site "204.178.125.65"]
[Date "1999.08.03"]
[Round "?"]
[White "MiddleHead"]
[Black "Hossa"]
[Result "0-1"]
[WhiteElo "2148"]
[BlackElo "2495"]
[PlyCount "64"]
[EventDate "1999.??.??"]

1. e4 c5 2. Nf3 e6 3. d4 cxd4 4. Nxd4 d5 5. Bb5+ Bd7 6. exd5 exd5 7. Bxd7+ Qxd7
8. O-O Nc6 9. Re1+ Be7 10. Bg5 O-O-O 11. Bxe7 Ngxe7 12. Nc3 Rhe8 13. Ncb5 a6
14. Nxc6 Nxc6 15. Rxe8 Rxe8 16. Nd4 Ne5 17. h3 g6 18. c3 Nc4 19. b3 Nd6 20. Nf3
Ne4 21. c4 Nc3 22. Qd3 d4 23. Kh1 Re4 24. Re1 Rf4 25. Kg1 b5 26. cxb5 Qxb5 27.
Qd2 Rxf3 28. gxf3 Qd5 29. Qd3 Kb7 30. Rc1 Qg5+ 31. Kh2 Qxc1 32. Qxd4 32... Qg1+
{MiddleHead resigns} 0-1

[Event "ICS rated blitz match"]
[Site "204.178.125.65"]
[Date "1999.08.03"]
[Round "?"]
[White "Hossa"]
[Black "counterplay"]
[Result "0-1"]
[WhiteElo "2499"]
[BlackElo "2801"]
[PlyCount "82"]
[EventDate "1999.??.??"]

1. d4 Nf6 2. c4 e6 3. Nc3 Bb4 4. Bg5 h6 5. Bh4 c5 6. dxc5 Nc6 7. Rc1 g5 8. Bg3
Ne4 9. Bd6 Qa5 10. Qc2 Nxc3 11. bxc3 Bxc5 12. Bxc5 Qxc5 13. e4 d5 14. cxd5 exd5
15. h4 gxh4 16. exd5 Qxd5 17. Rd1 Qe5+ 18. Ne2 Bd7 19. Qb3 O-O-O 20. Qxf7 h3
21. gxh3 Rhe8 22. Qf3 Qa5 23. Rd2 Ne5 24. Qg3 Ba4 25. Bg2 Rxd2 26. Kxd2 Rd8+
27. Kc1 Nd3+ 28. Kd2 Nf4+ 29. Bd5 Rxd5+ 30. Ke3 Rd3+ 31. Kxf4 Qc7+ 32. Kg4 Qg7+
33. Kf4 Qf7+ 34. Ke4 Qd5+ 35. Kf4 Qd6+ 36. Kg4 Bd7+ 37. Kh5 Rd5+ 38. Qg5 Rxg5+
39. Kh4 Qe7 40. f4 Rg4+ 41. Kh5 41... Qh4# {Hossa checkmated} 0-1

[Event "ICS rated blitz match"]
[Site "204.178.125.65"]
[Date "1999.08.03"]
[Round "?"]
[White "Hossa"]
[Black "VESta"]
[Result "1-0"]
[WhiteElo "2494"]
[BlackElo "2307"]
[PlyCount "43"]
[EventDate "1999.??.??"]

1. d4 d5 2. c4 c6 3. Nc3 Nf6 4. cxd5 cxd5 5. f3 Nc6 6. e4 dxe4 7. d5 Ne5 8.
fxe4 g6 9. Bb5+ Bd7 10. Bf4 Bxb5 11. Bxe5 Bd7 12. Qb3 b6 13. Nb5 Bxb5 14. Qxb5+
Qd7 15. Qxd7+ Kxd7 16. Nf3 Bg7 17. O-O Rhc8 18. Rae1 Rc2 19. Bc3 Nh5 20. Bxg7
Nxg7 21. Ne5+ Ke8 22. Rxf7 {VESta resigns} 1-0

[Event "ICS rated blitz match"]
[Site "204.178.125.65"]
[Date "1999.08.03"]
[Round "?"]
[White "brutus"]
[Black "Hossa"]
[Result "0-1"]
[WhiteElo "2065"]
[BlackElo "2502"]
[PlyCount "42"]
[EventDate "1999.??.??"]

1. e4 c5 2. Nf3 e6 3. d4 cxd4 4. Nxd4 d5 5. exd5 Qxd5 6. Nc3 Bb4 7. Bb5+ Bd7 8.
O-O Bxc3 9. Bxd7+ Nxd7 10. bxc3 Ngf6 11. Ba3 Rc8 12. Qd3 Ne5 13. Qb5+ Qxb5 14.
Nxb5 Nc4 15. Rfd1 Nxa3 16. Nd6+ Ke7 17. Nxc8+ Rxc8 18. Rd3 Nd5 19. h3 Nxc3 20.
Re1 Nxc2 21. Rc1 21... Ne2+ {brutus resigns} 0-1

[Event "ICS rated blitz match"]
[Site "204.178.125.65"]
[Date "1999.08.03"]
[Round "?"]
[White "Hossa"]
[Black "brutus"]
[Result "1-0"]
[WhiteElo "2504"]
[BlackElo "2063"]
[PlyCount "125"]
[EventDate "1999.??.??"]

1. d4 Nf6 2. c4 g6 3. Nc3 d5 4. cxd5 Nxd5 5. e4 Nxc3 6. bxc3 Bg7 7. Bb5+ c6 8.
Bc4 O-O 9. Ne2 b5 10. Bd3 a6 11. O-O Bb7 12. Bg5 Nd7 13. Qd2 c5 14. Bh6 cxd4
15. Bxg7 Kxg7 16. cxd4 Nf6 17. f3 Qb6 18. Qg5 h6 19. Qf4 Rac8 20. Rac1 Rxc1 21.
Rxc1 Rc8 22. Rxc8 Bxc8 23. a3 Bd7 24. Kh1 a5 25. Kg1 b4 26. axb4 Qxb4 27. Kf2
a4 28. Qc7 Qd6 29. Qxd6 exd6 30. f4 Kf8 31. Nc3 Ke7 32. e5 Ng4+ 33. Kg3 Ne3 34.
Kf3 Nf5 35. Bxf5 gxf5 36. d5 a3 37. Ke3 Ba4 38. Kd2 Bb3 39. Kc1 dxe5 40. fxe5
h5 41. d6+ Ke6 42. Nb5 Bd5 43. Nc7+ Kd7 44. Nxd5 h4 45. Kb1 h3 46. g3 Ke6 47.
Nb6 f6 48. d7 Ke7 49. exf6+ Kd8 50. Ka2 f4 51. gxf4 Kc7 52. Nd5+ Kxd7 53. f7
Ke6 54. f8=Q Kxd5 55. Qxa3 Ke4 56. Qxh3 Kxf4 57. Qh5 Ke3 58. Qf5 Kd4 59. Kb3
Ke3 60. Kc3 Ke2 61. Qf4 Ke1 62. Kd3 Kd1 63. Qf1# {brutus checkmated} 1-0

[Event "ICS rated blitz match"]
[Site "204.178.125.65"]
[Date "1999.08.03"]
[Round "?"]
[White "PostModernist"]
[Black "Hossa"]
[Result "1-0"]
[WhiteElo "2500"]
[BlackElo "2506"]
[PlyCount "56"]
[EventDate "1999.??.??"]

1. e4 c5 2. c3 e5 3. d4 cxd4 4. cxd4 exd4 5. Qxd4 Nc6 6. Qd1 f5 7. exf5 Bb4+ 8.
Bd2 Qe7+ 9. Be2 Nf6 10. Nf3 d5 11. O-O Bxf5 12. Bg5 O-O-O 13. a3 Rhe8 14. axb4
Qxe2 15. Qxe2 Rxe2 16. b5 Ne7 17. Nbd2 d4 18. Rfc1+ Kb8 19. Bf4+ Ka8 20. Bc7
Nc8 21. Nc4 Nd5 22. Bxd8 Re4 23. Ncd2 Re8 24. Nxd4 Rxd8 25. Nxf5 g6 26. Nd4
Ncb6 27. Ne6 Rd6 28. Nf8 28... Nf6 {Hossa resigns} 1-0

[Event "ICS rated blitz match"]
[Site "204.178.125.65"]
[Date "1999.08.03"]
[Round "?"]
[White "Hossa"]
[Black "PostModernist"]
[Result "0-1"]
[WhiteElo "2490"]
[BlackElo "2516"]
[PlyCount "180"]
[EventDate "1999.??.??"]

1. d4 Nf6 2. Nf3 g6 3. c4 Bg7 4. Nc3 O-O 5. e4 d6 6. Be2 Nbd7 7. Bg5 c5 8. d5
b6 9. O-O Bb7 10. Qd2 Ng4 11. Qf4 Ndf6 12. h3 Ne5 13. Nxe5 dxe5 14. Qh4 Qd6 15.
Bh6 Ne8 16. Nb5 Qd8 17. Bxg7 Nxg7 18. f4 a6 19. Nc3 Qd6 20. Qh6 Rad8 21. Bg4
exf4 22. Be2 e5 23. Rad1 Qe7 24. Bd3 Rd6 25. h4 Nh5 26. a4 Qxh4 27. a5 Rfd8 28.
Be2 Qe7 29. axb6 Ng3 30. Rf2 g5 31. Qh2 Qf8 32. Rd3 Rxb6 33. Rxg3 fxg3 34. Qxg3
f6 35. Bf1 Rb8 36. Qh2 Bc8 37. Nd1 Bg4 38. Ne3 Bd7 39. Nd1 Qf7 40. Rd2 Bg4 41.
Nf2 Qh5 42. Qg3 Bc8 43. Nd3 Qh4 44. Qxh4 gxh4 45. Rd1 Rxb2 46. Nxb2 Rxb2 47.
Ra1 h3 48. gxh3 Rb7 49. Ra5 Rc7 50. Kh2 Bb7 51. h4 Kf8 52. Bh3 Ke7 53. Ra3 Kd6
54. Rb3 Rf7 55. h5 Kc7 56. h6 f5 57. Bxf5 Rf6 58. Rh3 Bc8 59. Bxc8 Kxc8 60. Rh5
a5 61. Rxe5 Rxh6+ 62. Kg3 a4 63. Rf5 a3 64. Rf3 Rg6+ 65. Kf2 Ra6 66. Rf8+ Kd7
67. Rf7+ Ke8 68. Rxh7 a2 69. Rh8+ Kf7 70. Rh7+ Kg6 71. Rh1 a1=Q 72. Rxa1 Rxa1
73. Kf3 Re1 74. Kf4 Kf6 75. d6 Rd1 76. Kg4 Ke5 77. Kf3 Rd3+ 78. Ke2 Rxd6 79.
Ke1 Rd4 80. Kf1 Rxc4 81. Ke2 Rd4 82. Ke3 c4 83. Kf3 c3 84. Ke2 c2 85. Ke1 c1=Q+
86. Kf2 Qh1 87. Ke3 Qe1+ 88. Kf3 Rd3+ 89. Kg4 Qh1 90. Kg5 90... Rg3# {
Hossa checkmated} 0-1

[Event "ICS rated blitz match"]
[Site "204.178.125.65"]
[Date "1999.08.03"]
[Round "?"]
[White "Hossa"]
[Black "Cole-Hann"]
[Result "1-0"]
[WhiteElo "2477"]
[BlackElo "2009"]
[PlyCount "57"]
[EventDate "1999.??.??"]

1. d4 Nf6 2. c4 c5 3. d5 b5 4. cxb5 a6 5. f3 g6 6. e4 axb5 7. Bxb5 Ba6 8. Bxa6
Nxa6 9. Ne2 d6 10. Bg5 Bg7 11. O-O h6 12. Bxf6 Bxf6 13. Qa4+ Qd7 14. Qxd7+ Kxd7
15. Nbc3 Rhb8 16. b3 Nb4 17. Rfd1 Nc2 18. Rac1 Nb4 19. Rd2 Ra5 20. Na4 Na6 21.
f4 Nc7 22. g3 Nb5 23. e5 Bg7 24. Rd3 Nc7 25. Rc4 Rb4 26. a3 Rxc4 27. Nb6+ Kd8
28. Nxc4 Kd7 29. Nxa5 {Cole-Hann resigns} 1-0

[Event "ICS rated blitz match"]
[Site "204.178.125.65"]
[Date "1999.08.03"]
[Round "?"]
[White "Cole-Hann"]
[Black "Hossa"]
[Result "0-1"]
[WhiteElo "2007"]
[BlackElo "2479"]
[PlyCount "26"]
[EventDate "1999.??.??"]

1. e4 c5 2. Nf3 e6 3. d4 cxd4 4. Nxd4 d5 5. exd5 Qxd5 6. Nc3 Bb4 7. Be2 Bxc3+
8. bxc3 Qxg2 9. Bf3 Qh3 10. Rb1 a6 11. Bf4 Ne7 12. Bg3 Nd5 13. c4 13... Nc3 {
Cole-Hann resigns} 0-1

[Event "ICS rated blitz match"]
[Site "204.178.125.65"]
[Date "1999.08.03"]
[Round "?"]
[White "Cole-Hann"]
[Black "Hossa"]
[Result "0-1"]
[WhiteElo "2003"]
[BlackElo "2483"]
[PlyCount "54"]
[EventDate "1999.??.??"]

1. e4 e6 2. d3 d5 3. Nd2 e5 4. Ngf3 Nc6 5. g3 Bc5 6. Bg2 Nge7 7. O-O O-O 8. h3
f6 9. Qe2 Nd4 10. Nxd4 Bxd4 11. Nf3 Bb6 12. Be3 d4 13. Bc1 c5 14. Nd2 f5 15.
exf5 Rxf5 16. Nc4 Ng6 17. Be4 Rf8 18. Kg2 Bf5 19. Bd2 Qd7 20. Bxf5 Rxf5 21.
Rae1 Bc7 22. Bc1 Raf8 23. Nd2 Ba5 24. Rd1 Bxd2 25. Bxd2 Qa4 26. b3 Qxa2 27. Ra1
27... Qxc2 {Cole-Hann resigns} 0-1

[Event "ICS rated blitz match"]
[Site "204.178.125.65"]
[Date "1999.08.03"]
[Round "?"]
[White "Hossa"]
[Black "Cole-Hann"]
[Result "1-0"]
[WhiteElo "2485"]
[BlackElo "2001"]
[PlyCount "81"]
[EventDate "1999.??.??"]

1. d4 Nf6 2. c4 c5 3. d5 b5 4. cxb5 a6 5. f3 g6 6. e4 axb5 7. Bxb5 Ba6 8. Bxa6
Nxa6 9. Ne2 d6 10. Bg5 Bg7 11. O-O h6 12. Bxf6 Bxf6 13. Qa4+ Qd7 14. Qxd7+ Kxd7
15. Nbc3 Bxc3 16. bxc3 Rhb8 17. Rfb1 Nc7 18. Rxb8 Rxb8 19. a4 Rb2 20. Kf2 e6
21. dxe6+ fxe6 22. a5 Na6 23. g3 g5 24. f4 d5 25. exd5 exd5 26. f5 Kd6 27. g4
Ke5 28. Ke3 d4+ 29. cxd4+ cxd4+ 30. Nxd4 Rg2 31. Nf3+ Kd5 32. Ra4 Nc5 33. Rd4+
Kc6 34. Rd2 Rxd2 35. Nxd2 Kd5 36. h3 Nd7 37. a6 Kc6 38. Kd4 Kb6 39. Ne4 Kxa6
40. Nc5+ Nxc5 41. Kxc5 {Cole-Hann resigns} 1-0

[Event "ICS rated blitz match"]
[Site "204.178.125.65"]
[Date "1999.08.03"]
[Round "?"]
[White "HAL-9000"]
[Black "Hossa"]
[Result "0-1"]
[WhiteElo "2135"]
[BlackElo "2487"]
[PlyCount "62"]
[EventDate "1999.??.??"]

1. d4 Nf6 2. c4 e6 3. Nc3 b6 4. g3 Bb7 5. Nf3 Bb4 6. Bg2 Ne4 7. Qc2 O-O 8. O-O
d5 9. Nxe4 dxe4 10. Ng5 Qxd4 11. Be3 Qe5 12. f4 Qf5 13. Nxe4 Nc6 14. a3 Be7 15.
Rad1 Rad8 16. c5 e5 17. cxb6 Rxd1 18. Rxd1 exf4 19. Bxf4 cxb6 20. Qa4 Rc8 21.
Rd5 Qe6 22. Nd6 Rd8 23. Nf5 Rxd5 24. Nxe7+ Qxe7 25. Bxd5 Qc5+ 26. e3 Qxd5 27.
e4 Qd3 28. b4 b5 29. Qxa7 Nxa7 30. a4 Qf3 31. e5 31... Qg2# {
HAL-9000 checkmated} 0-1

[Event "ICS rated blitz match"]
[Site "204.178.125.65"]
[Date "1999.08.03"]
[Round "?"]
[White "Hossa"]
[Black "MissSilicon"]
[Result "0-1"]
[WhiteElo "2491"]
[BlackElo "2645"]
[PlyCount "107"]
[EventDate "1999.??.??"]

1. d4 f5 2. c4 e6 3. e3 Nf6 4. Bd3 Nc6 5. Ne2 Nb4 6. b3 Bd6 7. Ba3 Ng4 8. c5
Nxd3+ 9. Qxd3 Qh4 10. g3 Qh3 11. cxd6 Qg2 12. Rg1 Qxf2+ 13. Kd2 Nxh2 14. Kc3
cxd6 15. Bxd6 Nf3 16. Nd2 Nxg1 17. Rxg1 b6 18. Kb2 Bb7 19. Rf1 Qg2 20. Rc1 a6
21. Rc7 Bc6 22. Nc3 b5 23. b4 h5 24. Kc2 Bf3 25. Be5 O-O 26. Rxd7 Rf7 27. Rxf7
Kxf7 28. Qf1 Qxf1 29. Nxf1 Rd8 30. Nd2 Bh1 31. e4 Rh8 32. exf5 exf5 33. Nb3 h4
34. gxh4 Rxh4 35. Nc5 f4 36. Nxa6 Rh2+ 37. Kb3 f3 38. Bg3 f2 39. Bxf2 Rxf2 40.
Nc7 g5 41. N7xb5 g4 42. a4 g3 43. Nd6+ Kg6 44. Nde4 Bxe4 45. Nxe4 Rf3+ 46. Kc4
g2 47. Nd2 Rh3 48. Ne4 g1=Q 49. Nc5 Qf1+ 50. Kd5 Rh4 51. a5 Qf6 52. Ne6 Kf5 53.
Kc5 Kxe6 54. Kb5 {Hossa resigns} 0-1

[Event "ICS rated blitz match"]
[Site "204.178.125.65"]
[Date "1999.08.03"]
[Round "?"]
[White "Hossa"]
[Black "DrHugoELO"]
[Result "1-0"]
[WhiteElo "2482"]
[BlackElo "2161"]
[PlyCount "61"]
[EventDate "1999.??.??"]

1. d4 c5 2. d5 e5 3. e4 d6 4. Bb5+ Bd7 5. Bxd7+ Nxd7 6. Ne2 Be7 7. c4 Ngf6 8.
Nd2 O-O 9. O-O Rb8 10. f4 Ng4 11. Qb3 exf4 12. Qh3 Ne3 13. Rxf4 Nc2 14. Rb1 Bg5
15. Rf1 Ne5 16. Qb3 Nd4 17. Nxd4 cxd4 18. Nf3 Nxf3+ 19. Rxf3 Bf6 20. Bf4 Re8
21. Re1 Qc7 22. Qd3 Qc5 23. Ref1 Re7 24. Bh6 b5 25. Rxf6 gxh6 26. Qg3+ Kf8 27.
Rxh6 bxc4 28. Rxh7 d3+ 29. Kh1 Reb7 30. Qg7+ Ke8 31. Rh8+ {DrHugoELO resigns}
1-0